各种知识 #15 General knowledge - Statistics

General Stats
  • This quiz has been taken 71 times
  • The average score is 8 of 21
Answer Stats
出题者 问题 答案 % Correct
TMDDS 1936年12月12日,发动西安事变,扣留蒋介石要求其同意抗日的两位爱国将领是(答出一个即可) 张学良/杨虎城
87%
TMDDS 1979年12月12日,领导双十二军事政变(叛乱),并在后来成为总统的韩国军队将领是 全斗焕/卢泰愚
71%
TMDDS 西汉时期设立的河西四郡是(答出一个即可) 武威/张掖/酒泉/敦煌
63%
TMDDS 2017年,物理学家理查德·亨德森等三人因在冷冻电子显微技术(常用于生物学研究)领域做出了重要贡献,而获得诺贝尔______奖 化学
63%
hahahasisisi 韩国第六共和国(1988年至今)第一个发布戒严令的总统是 尹锡悦
60%
pcktrsss 酒后驾车的标准是,血液中的酒精浓度大于__毫克每百毫升 20
57%
pcktrsss 古早笑话:一个老师指着卷子上的名字问“谁是林蛋大?”,此人真实名字是 楚中天
54%
枫无谚 被誉为数学界诺贝尔奖的是 菲尔兹奖
51%
枫无谚 如果你在美国读博士学习数学,那么当你毕业之后,你会获得一个____博士学位 哲学
33%
TMDDS 唐宣宗即位后,武宗时期宰相李德裕屡遭贬谪,最终被贬到_______ 崖州
30%
TMDDS 黑龙江省望奎县的县名,一说是“遥望卜奎”之意,其中的“卜奎”是今天的哪座城市? 齐齐哈尔
30%
TMDDS 元仁宗的名字是孛儿只斤·_______ 爱育黎拔力八达
29%
TMDDS 宋代诗人陆游将其养的一只猫取名为“小於菟”,其中“於菟”一词是先秦时期楚国人对什么的称呼?
25%
TMDDS 俄语音译词“布拉吉”的意思是 连衣裙
24%
TMDDS 黑龙江省庆安县原名余庆县,1914年,因与_______省余庆县重名,改名为庆城县 贵州
22%
pcktrsss 飞机起飞过程中,一旦速度超过V1,就不能不采取措施轻易放弃起飞。这个V1的中文名字是 决断速度
21%
TMDDS 荔枝、龙眼、红毛丹等水果都属于______科 无患子
17%
枫无谚 唐代被称为五姓七家的是博陵崔氏、清河崔氏、太原王氏、陇西李氏、赵郡李氏、荥阳郑氏和 范阳卢氏
14%
TMDDS 埃及历史上最后一个封建王朝是 法鲁克王朝
13%
TMDDS 美国国鸟白头海雕的叫声太“夹”,不够威猛,因此影视作品中的白头海雕常常使用另一种鸟类的叫声来配音,这种鸟是 红尾鵟
6%
枫无谚 拓扑学中有一个很奇怪的定理,一个球可以通过剪切与移动变为两个球,这个悖论的名字叫做 巴拿赫-塔斯基定理
3%
No matching quizzes found
Score Distribution
Percent of People with Each Score
Percentile by Number Answered
Your Score History
You have not taken this quiz